Neuropsicofarmacología. (Registro nro. 208)
[ vista simple ]
| 000 -CABECERA | |
|---|---|
| campo de control de longitud fija | 02076nam a2200253Ia 4500 |
| 003 - IDENTIFICADOR DEL NÚMERO DE CONTROL | |
| campo de control | AR-RoIUNI |
| 005 - FECHA Y HORA DE LA ÚLTIMA TRANSACCIÓN | |
| campo de control | 20210322100849.0 |
| 007 - CAMPO FIJO DE DESCRIPCIÓN FÍSICA--INFORMACIÓN GENERAL | |
| campo de control de longitud fija | ta |
| 008 - DATOS DE LONGITUD FIJA--INFORMACIÓN GENERAL | |
| campo de control de longitud fija | 150616s1997 ag 000 0 spa d |
| 020 ## - NÚMERO INTERNACIONAL ESTÁNDAR DEL LIBRO | |
| Número Internacional Estándar del Libro | 9508530227 |
| 040 ## - FUENTE DE LA CATALOGACIÓN | |
| Centro/agencia transcriptor | AR-RoIUNI |
| 080 ## - NÚMERO DE LA CLASIFICACIÓN DECIMAL UNIVERSAL | |
| Número de la Clasificación Decimal Universal | 616.8:615.78 |
| 245 00 - MENCIÓN DE TÍTULO | |
| Título | Neuropsicofarmacología. |
| Número de parte o sección de la obra | II / |
| Mención de responsabilidad, etc. | Roberto Fernández Labriola (compilador) ; Wania marcia de Aguiar, ... [et al.]. |
| 250 ## - MENCIÓN DE EDICIÓN | |
| Mención de edición | 1a ed. |
| 260 ## - PUBLICACIÓN, DISTRIBUCIÓN, ETC. (PIE DE IMPRENTA) | |
| Lugar de publicación, distribución, etc. | Buenos Aires : |
| Nombre del editor, distribuidor, etc. | Cangrejal, |
| Fecha de publicación, distribución, etc. | 1997. |
| 300 ## - DESCRIPCIÓN FÍSICA | |
| Extensión | 254 p. ; |
| Dimensiones | 20 cm. |
| 490 0# - MENCIÓN DE SERIE | |
| Mención de serie | Cangrejal psi |
| 505 0# - NOTA DE CONTENIDO CON FORMATO | |
| Nota de contenido con formato | Capítulo 1. Estrategias y tácticas terapéuticas: la relación médico-paciente y su desarrollo, o la ecuación: "paciente-familia-médico administrador-terapeuta-droga" / R. Fernández Labriola -- Capítulo 2. Biodisponibilidad, bioequivalencia y eficiencia terapéutica / M. Napolitano -- Capítulo 3. Neuropsicofarmacología en niños y adolescentes / B. Benítez de Nale -- Capítulo 4. Neuropsicofarmacología y psicoterapia: internación de las tácticas en trastornos de personalidad / W. Dunningham & W. de Aguiar -- Capítulo 5. Tratamiento psicofarmacológico del autismo / F. Sinigagliesi -- Capítulo 6. Neurotransmisión por aminoácidos excitatorios (AAE) : receptores glutamaértgicos, trastornos de la cognición, deterioro cerebral y otras patologías involucradas / R. Fernández Labriola -- Capítulo 7. Serotonina y fármacos serotoninérgicos : fundamentos del error de llamarlas "moléculas antidepresivas" / R. Fernández Labriola -- Capítulo 10. Perfil clínico terapéutico de los ISRS / J. Nazar -- Capítulo 11. Perfiles de los antigüos y nuevos IMAOs / E. Kalina & R. Fernández Labriola -- Capítulo 12. Farmacología y clínica de moléculas de acción en la epilepsia y la bipolaridad / F. Lux -- Capítulo 13. Farmacología y clínica de algunos fármacos útiles en bipolaridad / A. Lagomarsino -- Capítulo 14. Depresión y sueño / G. Heinze. |
| 650 #4 - PUNTO DE ACCESO ADICIONAL DE MATERIA--TÉRMINO DE MATERIA | |
| Término de materia o nombre geográfico como elemento inicial | PSICOLOGÍA |
| 9 (RLIN) | 108 |
| 650 #4 - PUNTO DE ACCESO ADICIONAL DE MATERIA--TÉRMINO DE MATERIA | |
| Término de materia o nombre geográfico como elemento inicial | NEUROLOGÍA |
| 9 (RLIN) | 217 |
| 650 #4 - PUNTO DE ACCESO ADICIONAL DE MATERIA--TÉRMINO DE MATERIA | |
| Término de materia o nombre geográfico como elemento inicial | FAMACOLOGÍA |
| 700 1# - PUNTO DE ACCESO ADICIONAL--NOMBRE DE PERSONA | |
| Nombre de persona | Fernández Labriola, Roberto. |
| 942 ## - ELEMENTOS DE PUNTO DE ACCESO ADICIONAL (KOHA) | |
| Tipo de ítem Koha | Libros |
| Fuente del sistema de clasificación o colocación | Clasificación Decimal Universal |
| Estado de retiro | Estado de pérdida | Fuente del sistema de clasificación o colocación | Estado dañado | Excepción de préstamo | Código de colección | Localización permanente | Ubicación/localización actual | Ubicación en estantería | Fecha de adquisición | Número de inventario | Total de préstamos | Signatura topográfica completa | Código de barras | Fecha visto por última vez | Precio válido a partir de | Tipo de ítem Koha |
|---|---|---|---|---|---|---|---|---|---|---|---|---|---|---|---|---|
| Dewey Decimal Classification | Psicología | BIBLIOTECA RIOBAMBA | BIBLIOTECA RIOBAMBA | BIBLIOTECA RIOBAMBA | 16/06/2015 | 209 | 616.8:615.78 NEU | 209 | 16/06/2015 | 16/06/2015 | Libros |

